00326nam a2200133Ia 450000500170000000800410001704100080005808200160006610000180008224500290010026000390012930000090016865000150017720250729165727.0250729s2007 xx 000 0 und d akan a370.15 DASS aDr.S G Desayi aShykshanikha Manovijnana aGadagbVidyanidhi Prakashanac2007 a162p aPsychology